000 01106cam a22001934a 4500
005 20250605164403.0
008 250528s ||||||||||||||||||||||||d
035 _a24709
040 _aGR-AtMCL
_bgre
_dGR-AtMCL
_eAACR2
245 1 _aΗθική / Περιοδικό Φιλοσοφίας
260 _bΤμήμα Φιλοσφίας Παιδαγωγικής Ψυχολογίας Πανεπιστημίου Αθηνών,
_c2014
300 _a76
520 _aΟ Ορισμός του Φυσικού Νόμου στο Έργο του Thomas Hobbes, Η Ηθικότητα στις Βασικές Κατευθύνσεις της Φιλοσοφίας του Δικαίου, Φίλων και Δουλεία, Ανεπαρκείς Πόροι Υγείας και Επιπόλαοι Ασθενείς: Ο Παράγοντας της Προσωπικής Ευθύνης, Όψεις της Δικαιοσύνης στην Πλατωνική Πολιτεία.
700 1 _aΠολίτης Γιώργος Ν
_99508
942 _cCR
999 _c9574
_d9574